[Event "45th FIDE Chess Olympiad Open"]
[Site "Budapest, Hungary"]
[Date "2024.09.13"]
[Round "3.193"]
[White "Atabayev, Saparmyrat"]
[Black "Pg, Md Omar Ak Hafizon"]
[Result "1-0"]
[WhiteElo "2516"]
[BlackElo "2159"]
[PlyCount "45"]
[EventDate "2024.??.??"]
[WhiteTeam "Turkmenistan"]
[BlackTeam "Brunei Darussalam"]
[WhiteTeamCountry "TKM"]
[WhiteClock "1:17:32"]
[BlackClock "0:16:17"]

1. e4 {Donev,Ivo Hristov} c5 2. Nf3 e6 3. d4 cxd4 4. Nxd4 a6 5. Bd3 Bc5 6. Nb3 Be7 7. O-O Nc6 8. f4 ({RR} 8. c4 Nf6 9. Nc3 d6 10. f4 b6 11. Qe2 Bb7 12. Be3 Nb4 13. Bb1 Nd7 14. Rd1 Qc7 15. a3 Nc6 16. Ba2 Rc8 17. Rac1 Qb8 18. Nd2 O-O 19. Nf3 Rfd8 20. Bf2 Ba8 21. b4 Re8 22. e5 Rcd8 {Campora,D (2550)-Milov,V (2570) Biel 1995 CBM 049 [Donev,Ivo Hristov] ½-½ (58)}) 8... d6 9. c4 ({RR} 9. Nc3 Nf6 10. Qe2 Qc7 11. Be3 O-O 12. Bf2 b5 13. a3 Bb7 14. Bg3 b4 15. axb4 Nxb4 16. Kh1 Nxd3 17. cxd3 Rab8 18. Na5 Ba8 19. Nc4 Bb7 20. f5 e5 21. Ne3 Rfc8 22. Qf2 Qb6 23. Bh4 Nxe4 {Divya,D (2427)-Pourkashiyan,A (2270) FIDE Online Arena INT 2024 0-1}) 9... Bf6 10. Nc3 $146 ({RR} 10. Kh1 Nge7 11. c5 e5 12. cxd6 Qxd6 13. f5 O-O 14. Nc3 Rd8 15. Be2 Qc7 16. Qe1 Nd4 17. Qf2 b5 18. g4 h6 19. h4 Nxe2 20. Nxe2 Qc2 21. g5 Qxe4+ 22. Kh2 hxg5 23. hxg5 Bxg5 24. Bxg5 f6 {Ocantos,M (2158)-Thorfinnsson,B (2398) Reykjavik 2010 0-1 (32)}) 10... Nge7 11. Be3 Rb8 12. Qf3 Nb4 13. Rad1 Nxd3 14. Rxd3 Bxc3 15. bxc3 Qc7 16. c5 d5 17. exd5 exd5 18. f5 Bxf5 19. Bf4 Qc8 20. Bd6 O-O 21. Bxe7 Be4 22. Qg3 Bxd3 23. Bxf8 1-0

[Event "45th FIDE Chess Olympiad Open"]
[Site "Budapest, Hungary"]
[Date "2024.09.13"]
[Round "3.194"]
[White "Yee, Soon Wei"]
[Black "Annaberdiyev, Meylis"]
[Result "0-1"]
[WhiteElo "2219"]
[BlackElo "2431"]
[PlyCount "62"]
[EventDate "2024.??.??"]
[WhiteTeam "Brunei Darussalam"]
[BlackTeam "Turkmenistan"]
[BlackTeamCountry "TKM"]
[WhiteClock "0:00:39"]
[BlackClock "0:31:10"]

1. e4 c5 2. c3 e6 3. Nf3 d5 4. exd5 exd5 5. d4 Nc6 6. Bb5 Bd6 7. O-O Nge7 8. dxc5 Bxc5 9. Nbd2 O-O 10. Nb3 Bb6 11. h3 Qd6 12. Nbd4 ({RR} 12. Re1 Bxh3 13. gxh3 Qg3+ 14. Kh1 Bxf2 15. Rf1 Nf5 16. Nh2 Rae8 17. Qf3 Qxf3+ 18. Nxf3 Be3 19. Kh2 Bb6 20. Bf4 Re4 21. Bg3 Rfe8 22. Rae1 g6 23. Nbd2 Nxg3 24. Kxg3 Re3 25. Rxe3 Rxe3 26. Re1 Rxe1 {Aronian,L (2735)-Andreikin,D (2729) chess.com INT 2022 1-0 (41)}) ({RR} 12. Re1 Bxh3 13. gxh3 Qg3+ 14. Kh1 Bxf2 15. Rf1 Nf5 16. Nh2 Rae8 17. Qf3 Qxf3+ 18. Nxf3 Bb6 19. Bf4 Re6 20. Rae1 h6 21. Bxc6 bxc6 22. Nfd4 Nxd4 23. Nxd4 Rf6 24. Bg3 Rxf1+ 25. Rxf1 c5 26. Nf5 Re8 {Lopes,E (1920)-Starke,B (2165) Florianopolis BRA 2024 1-0 (43)}) 12... Nxd4 13. Nxd4 Bc7 14. Nf3 Bf5 $146 ({RR} 14... Ng6 15. Re1 a6 16. Bd3 Bd7 17. Be3 Rae8 18. Qd2 Re6 19. g3 Rf6 20. Nd4 h6 21. Bf1 Re8 22. Rad1 Bb8 23. f4 h5 24. h4 Bg4 25. Rc1 Kh7 26. Bg2 Qd7 27. Nb3 Bh3 28. Qxd5 Qg4 29. Qf3 {Shimanov,A (2581)-Andreikin,D (2729) Chess.com INT 2022 1-0 (77)}) ({RR} 14... Ng6 15. Re1 a6 16. Bd3 Bd7 17. Be3 Rae8 18. Qc2 Bc6 19. Bxg6 fxg6 {0-1 (19) Barbero Sendic,A (2320)-Henriquez Villagra,C (2620) Barcelona 2022}) 15. Bd3 Bg6 16. Bg5 Bh5 17. Bxe7 Qxe7 18. g4 Bg6 19. Bxg6 hxg6 20. Qxd5 Rad8 21. Qg5 Qe2 22. Qe3 Qxb2 23. Rfb1 Qa3 24. Rxb7 Bb6 25. Nd4 Rc8 26. c4 Qd6 27. Nb5 Qf6 28. Qe1 Bxf2+ 29. Qxf2 Qxa1+ 30. Kg2 Qe5 31. Rxa7 Rxc4 0-1

[Event "45th FIDE Chess Olympiad Open"]
[Site "Budapest, Hungary"]
[Date "2024.09.13"]
[Round "3.195"]
[White "Hommadov, Amanmuhammet"]
[Black "Lim Teck Guan, Rodney"]
[Result "1-0"]
[WhiteElo "2181"]
[BlackElo "1931"]
[PlyCount "61"]
[EventDate "2024.??.??"]
[WhiteTeam "Turkmenistan"]
[BlackTeam "Brunei Darussalam"]
[WhiteTeamCountry "TKM"]
[WhiteClock "0:13:35"]
[BlackClock "0:06:42"]

1. e4 e6 2. d4 d5 3. e5 c5 4. c3 Nc6 5. Nf3 Qb6 6. a3 Nh6 7. b4 cxd4 8. cxd4 Nf5 9. Be3 f6 10. exf6 gxf6 11. Nc3 Nxe3 12. fxe3 Bh6 13. Qd3 ({RR} 13. e4 dxe4 14. Nxe4 O-O 15. Bc4 Kh8 16. Qd3 f5 17. Nc5 Bg7 18. O-O-O Qc7 19. Kb1 a5 20. Qb3 axb4 21. axb4 e5 22. d5 e4 23. dxc6 exf3 24. gxf3 b6 25. Nd7 Bxd7 26. Rxd7 Qxc6 27. Rxg7 Kxg7 {Savchenko,B (2599)-Vitiugov,N (2738) Wroclaw 2014 1-0 (58)}) 13... Bd7 ({RR} 13... O-O 14. Be2 Ne7 15. e4 dxe4 16. Qxe4 e5 17. Bd3 Bf5 18. Bc4+ Kg7 19. Qe2 Rac8 20. dxe5 Ng6 21. Nd5 Qc6 22. Nd4 Bd3 23. Qxd3 Nxe5 24. Qg3+ {1-0 (24) Diaz Gonzalez,A (1717)-Becker Newmark,J (1868) Medellin COL 2024}) 14. Be2 Rc8 $146 ({RR} 14... Ne7 15. O-O O-O-O 16. Kh1 Kb8 17. Nd2 e5 18. Nb3 e4 19. Qd2 Bc8 20. Nc5 Nf5 21. Nd1 Qd6 22. b5 Rhg8 23. Rb1 Nh4 24. Rf2 Nxg2 25. Rxg2 Rxg2 26. Kxg2 Rg8+ 27. Kh1 Bh3 28. Bh5 Rg5 29. Qe2 {Pulido Alvarez,A (2261)-Vitier Vazquez,C (2352) Artemisa 2018 ½-½ (34)}) ({RR} 14... Ne7 15. O-O O-O-O 16. Kh1 Kb8 17. e4 Be8 18. exd5 Nxd5 19. Nxd5 Rxd5 20. Qb3 Qd6 21. Bc4 Rh5 22. Bxe6 Bb5 23. Bc4 Bd7 24. Bf7 Rf5 25. Rad1 Rf8 26. Rfe1 Bf4 27. Be6 Rh5 28. Bxd7 Qxd7 29. Re6 {Jurkina,Y (1999)-Velichko,A (1914) Samara 2012 1-0 (43)}) ({RR} 14... Ne7 15. O-O Rc8 16. Nd2 O-O 17. Nb3 Be8 18. Nc5 Bg6 19. e4 dxe4 20. Qh3 Bg7 21. Bc4 Kh8 22. Bxe6 Rcd8 23. Rad1 f5 24. d5 a5 25. N3a4 Qc7 26. bxa5 Qxa5 27. d6 Nc6 28. Bxf5 Rxf5 29. Rxf5 {Simacek,P (2500)-Matamoros Franco,C (2544) Olomouc 2006 ½-½ (56)}) 15. O-O Ne5 16. Nxe5 fxe5 17. Bh5+ Kd8 18. Kh1 Rc4 19. Ne2 Ba4 20. e4 Bc2 21. Qg3 Bxe4 22. Qxe5 Rg8 23. Ng3 Bg6 24. Bxg6 hxg6 25. Rf7 Rc7 26. Qf6+ Ke8 27. Rf1 Rg7 28. Rf8+ Kd7 29. Rd8+ Kc6 30. Qxe6+ Kb5 31. Rxd5+ 1-0

[Event "45th FIDE Chess Olympiad Open"]
[Site "Budapest, Hungary"]
[Date "2024.09.13"]
[Round "3.196"]
[White "Pg. Shahridin, Ak. Abdul Wafie"]
[Black "Shirliyev, Allayar"]
[Result "0-1"]
[WhiteElo "1912"]
[BlackElo "2200"]
[PlyCount "148"]
[EventDate "2024.??.??"]
[WhiteTeam "Brunei Darussalam"]
[BlackTeam "Turkmenistan"]
[BlackTeamCountry "TKM"]
[WhiteClock "0:04:01"]
[BlackClock "0:44:55"]

1. e4 e5 2. Nf3 Nc6 3. Bc4 Bc5 4. c3 Nf6 5. d3 d6 6. b4 Bb6 7. a4 a5 8. b5 Ne7 9. O-O O-O 10. Nbd2 Ng6 11. d4 Bg4 12. Qc2 Re8 ({RR} 12... Qd7 13. Re1 Rfe8 14. h3 Bxf3 15. Nxf3 exd4 16. Bb2 dxc3 17. Bxc3 Ne5 18. Nxe5 dxe5 19. Rad1 Qe7 20. Rd3 Red8 21. Rf3 Rd7 22. Rf5 Bd4 23. Bd2 c6 24. bxc6 bxc6 25. Bg5 Rb8 26. Bxf6 gxf6 27. Qc1 {Caruana,F (2793)-Firouzja,A (2751) Saint Louis USA 2024 0-1 (85)}) ({RR} 12... Qd7 13. Re1 Rfe8 14. h3 Bh5 15. Bb2 Nf4 16. Bf1 Ba7 17. c4 Rad8 18. dxe5 dxe5 19. c5 Ne6 20. b6 Bb8 21. Bxe5 Qe7 22. bxc7 Bxc7 23. Bd6 {1-0 (23) Anton Guijarro,D (2669)-Dai,C (2532) Abu Dhabi UAE 2024}) 13. Re1 exd4 14. Bb2 $146 ({RR} 14. cxd4 d5 15. exd5 Rxe1+ 16. Nxe1 Bxd4 17. Rb1 Qd7 18. Qd3 Bb6 19. Qb3 Bf5 20. Rb2 Re8 21. Ndf3 Rd8 22. Bg5 Qd6 23. Nc2 Be4 24. Ne3 Bxf3 25. gxf3 h6 26. Nf5 Qe5 27. Bxf6 Qxf6 28. Ng3 Nh4 {Varela,M (1634)-Zapata Arbelaes,E (1979) Medellin 2013 0-1}) 14... dxc3 15. Qxc3 Ne5 16. Nxe5 dxe5 17. Nf3 Bxf3 18. Qxf3 Qd2 19. Ba3 Rad8 20. g3 Bd4 21. Rac1 Rd7 22. Re2 Qh6 23. Rec2 Qg6 24. Bd3 Bb6 25. Bc5 Red8 26. Bxb6 Rxd3 27. Be3 Ne8 28. Rc3 h6 29. Kg2 R8d4 30. Rxd3 Rxd3 31. h4 Ra3 32. Rc4 Nd6 33. Rxc7 Rxa4 34. Bc5 Nxe4 35. h5 Qf6 36. Qxf6 gxf6 37. Be3 Nd6 38. b6 Kg7 39. Rd7 Nf5 40. Rxb7 Nxe3+ 41. fxe3 Rb4 42. Rb8 f5 43. Kf3 Rb2 44. g4 fxg4+ 45. Kxg4 Kf6 46. b7 Rb4+ 47. Kf3 Kg7 48. Kg3 a4 49. Kf3 a3 50. Ra8 Rxb7 51. Rxa3 Rb4 52. Ra5 Kf6 53. e4 Rb1 54. Kg4 Rg1+ 55. Kf3 Rf1+ 56. Kg3 Rf4 57. Ra4 Kg5 58. Ra5 Rxe4 59. Kf3 Rf4+ 60. Kg3 f6 61. Ra7 Kxh5 62. Rg7 Rf5 63. Ra7 e4 64. Ra4 Rf3+ 65. Kg2 f5 66. Ra5 Kg4 67. Ra4 Rb3 68. Ra2 f4 69. Rf2 e3 70. Rf1 f3+ 71. Kh1 e2 72. Kh2 exf1=N+ 73. Kh1 Ng3+ 74. Kg1 Ne4 0-1

[Event "45th FIDE Chess Olympiad Open"]
[Site "Budapest, Hungary"]
[Date "2024.09.13"]
[Round "3.197"]
[White "Mwale, Joseph"]
[Black "Gemy, Jose Daniel"]
[Result "0-1"]
[WhiteElo "2063"]
[BlackElo "2315"]
[PlyCount "168"]
[EventDate "2024.??.??"]
[WhiteTeam "Malawi"]
[BlackTeam "Bolivia"]
[WhiteTeamCountry "MWI"]
[BlackTeamCountry "BOL"]
[WhiteClock "0:02:37"]
[BlackClock "0:01:44"]

1. d4 Nf6 2. Nf3 e6 3. g3 b6 4. Bg2 Bb7 5. c4 Bb4+ 6. Nbd2 O-O 7. O-O d5 8. Ne5 Nbd7 9. Ndf3 Be7 10. Qa4 Nxe5 11. Nxe5 Qe8 12. Qc2 c5 13. dxc5 $146 ({RR} 13. Rd1 Rc8 14. dxc5 Bxc5 15. Bg5 Nd7 16. Nxd7 Qxd7 17. Qb3 d4 18. Rac1 Bxg2 19. Kxg2 Qb7+ 20. Qf3 Qxf3+ 21. Kxf3 e5 22. Bd2 a5 23. e3 Rc6 24. Ke4 Re8 25. f3 Rd6 26. Be1 Rh6 27. h4 dxe3 {Pubantz,J (2192)-Lutz,R (2055) Willingen 2019 1-0 (86)}) 13... Bxc5 14. cxd5 Nxd5 15. Nd3 Be7 16. Bd2 Rc8 17. Qb3 Qd7 18. Rfd1 Qc7 19. Nf4 Qc2 20. Nxd5 exd5 21. Bc3 Qg6 22. Bxd5 Bxd5 23. Rxd5 h5 24. Rd7 Bc5 25. Qd5 h4 26. Kg2 a5 27. Rd1 h3+ 28. Kxh3 Bxf2 29. Qf3 Rce8 30. R1d6 Qh7+ 31. Kg2 Bc5 32. Rd3 Qg6 33. R7d5 Re4 34. Rg5 Rxe2+ 35. Qxe2 Qxg5 36. h4 Qg6 37. Rd5 Qc6 38. Qf3 Re8 39. Re5 Qa4 40. Rg5 Bf8 41. Qg4 Qc6+ 42. Kh2 f6 43. Rf5 Qe6 44. h5 Qe2+ 45. Kh3 Qe4 46. Qxe4 Rxe4 47. Rb5 Ra4 48. Rxb6 Rxa2 49. Kg4 Ra1 50. Rb8 Kf7 51. Rb7+ Ke6 52. Rb6+ Bd6 53. h6 f5+ 54. Kg5 gxh6+ 55. Kxh6 Kd7 56. Kg5 Rf1 57. g4 Bc5 58. Rb7+ Kc6 59. Rf7 Be3+ 60. Kg6 f4 61. Bxa5 f3 62. Rf6+ Kd5 63. Bb6 Bxb6 64. Rxb6 Re1 65. Rb5+ Ke4 66. Rf5 Rc1 67. b4 Ke3 68. g5 f2 69. Kh7 Rh1+ 70. Kg8 Rg1 71. b5 Rxg5+ 72. Rxg5 f1=Q 73. Kg7 Kf4 74. Rh5 Kg4 75. Rc5 Qf2 76. Rd5 Qf3 77. Rd6 Qc3+ 78. Kg6 Qc5 79. Rf6 Qg5+ 80. Kf7 Qd5+ 81. Kg7 Qd7+ 82. Kh6 Qxb5 83. Kg6 Qe8+ 84. Kh6 Qh8+ 0-1

[Event "45th FIDE Chess Olympiad Open"]
[Site "Budapest, Hungary"]
[Date "2024.09.13"]
[Round "3.198"]
[White "Ticona Rocabado, Licael Roderick"]
[Black "Chipanga, Chiletso"]
[Result "1/2-1/2"]
[WhiteElo "2321"]
[BlackElo "2089"]
[PlyCount "166"]
[EventDate "2024.??.??"]
[WhiteTeam "Bolivia"]
[BlackTeam "Malawi"]
[WhiteTeamCountry "BOL"]
[BlackTeamCountry "MWI"]
[WhiteClock "1:03:32"]
[BlackClock "0:12:33"]

1. d4 d5 2. c4 c6 3. e3 Nf6 4. Nf3 Bf5 5. Bd3 Bxd3 6. Qxd3 e6 7. O-O Bd6 8. Nc3 Nbd7 9. e4 dxe4 10. Nxe4 Nxe4 11. Qxe4 O-O 12. b3 Qe7 13. Re1 Rfe8 14. Bb2 Rad8 15. Rad1 Nf8 $146 ({RR} 15... Nf6 16. Qh4 Bb4 17. Re3 Qc7 18. Red3 Be7 19. Qh3 Qf4 20. Ne5 Ne4 21. Rf1 Ng5 22. Qh5 g6 23. Qe2 Bd6 24. Bc1 Qf5 25. Ng4 Kg7 26. h4 h5 27. Nf6 Nh7 28. Nxe8+ Rxe8 29. Re1 Qa5 30. c5 {Wiegel,I-Koths,P Recklinghausen 1999 1-0 (37)}) 16. h4 f5 17. Qc2 Qf7 18. d5 exd5 19. Rxe8 Rxe8 20. cxd5 cxd5 21. Qd3 Bc7 22. Kf1 Ne6 23. Qb5 Bb6 24. Ne5 Qe7 25. Ba3 Nc7 26. Bxe7 Nxb5 27. Rxd5 Rxe7 28. Rxb5 g6 29. Nc4 Bd4 30. g3 f4 31. Rd5 Bf6 32. Nd6 fxg3 33. fxg3 a6 34. Kf2 Kf8 35. Nc4 b5 36. Ne3 Be5 37. Ng4 Rf7+ 38. Kg2 Bc7 39. Nf2 Re7 40. Kf3 Rf7+ 41. Kg2 Ke7 42. Ne4 Rf5 43. Rd3 h6 44. b4 Re5 45. Kf3 a5 46. Rc3 Bb6 47. bxa5 Bxa5 48. Rc6 Re6 49. Rc5 Bd8 50. Rxb5 Ra6 51. Rb7+ Kf8 52. Nc5 Ra3+ 53. Kg4 Be7 54. Ne6+ Ke8 55. Nc7+ Kd8 56. Ne6+ Ke8 57. Nf4 h5+ 58. Kh3 Bd6 59. Rb3 Kf7 60. Rxa3 Bxa3 61. Kg2 Kf6 62. Kf3 Kf5 63. Nh3 Ke5 64. Ng5 Kf5 65. Ne4 Ke5 66. Nd2 Kd4 67. Nf1 Bc1 68. g4 hxg4+ 69. Kxg4 Ba3 70. Nd2 Be7 71. Nf3+ Kc3 72. Ne5 Bf6 73. Nc6 Kc4 74. Na5+ Kb4 75. Nb3 Ka3 76. Nc1 Bc3 77. Ne2 Bf6 78. Nc1 Bc3 79. Nd3 Bf6 80. Nc1 Bc3 81. Kg5 Bd2+ 82. Kxg6 Bxc1 83. h5 Kxa2 1/2-1/2

[Event "45th FIDE Chess Olympiad Open"]
[Site "Budapest, Hungary"]
[Date "2024.09.13"]
[Round "3.199"]
[White "Kamwendo Precious"]
[Black "Pinto, Daniel"]
[Result "0-1"]
[WhiteElo "2001"]
[BlackElo "2273"]
[PlyCount "82"]
[EventDate "2024.??.??"]
[WhiteTeam "Malawi"]
[BlackTeam "Bolivia"]
[WhiteTeamCountry "MWI"]
[BlackTeamCountry "BOL"]
[WhiteClock "0:50:21"]
[BlackClock "0:52:43"]

1. d4 Nf6 2. c4 c6 3. Nc3 d5 4. Nf3 g6 5. cxd5 cxd5 6. g3 Bg7 7. Bg2 O-O 8. O-O Nc6 9. b3 Bf5 ({RR} 9... e6 10. Bb2 {½-½ (10) Palac,M (2561)-Hulak,K (2557) Rabac 2003}) 10. Bb2 ({RR} 10. a4 Nb4 11. Nh4 Bc2 12. Qd2 a5 13. Na2 Nxa2 14. Qxc2 Nb4 15. Qd2 Ne4 16. Bxe4 dxe4 17. Bb2 Qd5 18. Bc3 Nc6 19. Qb2 Bxd4 20. Rfd1 Bxc3 21. Qxc3 Qe5 22. Qxe5 Nxe5 23. Rd4 f5 24. Rd5 Nc6 {Nguyen,T (1383)-Le,T (2058) Bac Giang 2020 ½-½ (39)}) 10... Rc8 11. Nh4 Be6 12. Rc1 $146 ({RR} 12. Qd2 Qa5 13. Rfc1 Ng4 14. e3 Bh6 15. h3 Nf6 16. a3 Qd8 17. Na4 b6 18. b4 Qd7 19. Kh2 Nb8 20. Rxc8 Rxc8 21. Nc3 Nc6 22. Rc1 Ne8 23. Nf3 Nf6 24. Ne5 Qb7 25. f4 g5 26. f5 Bxf5 {Loanitzer,A-Walischewski,H Ludwigshafen 1996 1-0 (40)}) 12... Qd7 13. Nf3 Bh3 14. Ne5 Qe6 15. Nxc6 Rxc6 16. Na4 Bxg2 17. Rxc6 Qh3 18. Rxf6 Bxf1 19. Qxf1 Qxf1+ 20. Kxf1 Bxf6 21. e3 Rc8 22. Nc3 e6 23. Ke1 Be7 24. Kd1 g5 25. f3 Kg7 26. Ne2 h5 27. Nc1 h4 28. gxh4 gxh4 29. Nd3 Bd6 30. h3 Kf6 31. e4 Bh2 32. Bc1 Rg8 33. exd5 exd5 34. Bf4 Rg1+ 35. Ke2 Rg2+ 36. Kf1 Rxa2 37. Bxh2 Rxh2 38. Nf4 Kf5 39. Nxd5 Rxh3 40. Kf2 Rh2+ 41. Kg1 Rd2 0-1

[Event "45th FIDE Chess Olympiad Open"]
[Site "Budapest, Hungary"]
[Date "2024.09.13"]
[Round "3.200"]
[White "Montevilla Cahuasa, Jonathan I."]
[Black "Mwale, George"]
[Result "1-0"]
[WhiteElo "2064"]
[BlackElo "2056"]
[PlyCount "87"]
[EventDate "2024.??.??"]
[WhiteTeam "Bolivia"]
[BlackTeam "Malawi"]
[WhiteTeamCountry "BOL"]
[BlackTeamCountry "MWI"]
[WhiteClock "0:30:37"]
[BlackClock "0:28:13"]

1. e4 d5 2. exd5 Qxd5 3. Nc3 Qd8 4. d4 Nf6 5. Bc4 e6 6. Nf3 Be7 ({RR} 6... a6 7. a4 Nc6 8. O-O Be7 9. b3 O-O 10. Bb2 Nb4 11. Qe2 b6 12. Rad1 Bb7 13. Ne5 Nbd5 14. Nxd5 exd5 15. Bd3 Bd6 16. c4 Re8 17. Rfe1 Bb4 18. Rf1 Qc8 19. h3 c5 20. Qc2 cxd4 21. Bxd4 {Czarnota,P (2479)-Bartel,M (2513) Warsaw 2005 ½-½ (42)}) 7. Ne5 ({RR} 7. O-O O-O 8. Re1 b6 9. Bg5 Bb7 10. Ne5 Nbd7 11. Qe2 h6 12. Bf4 Bb4 13. a3 Bxc3 14. bxc3 Nxe5 15. dxe5 Nd5 16. Bxd5 Bxd5 17. Rad1 Qe7 18. c4 Bc6 19. Rd3 g5 20. Rg3 f6 21. Qh5 Kh7 {Wang,X-Gu,Y (1643) Shanghai CHN 2024 ½-½}) 7... Nbd7 8. Qe2 $146 ({RR} 8. f4 Nb6 9. Bd3 a6 10. Ne4 Nxe4 11. Bxe4 Bf6 12. O-O Rb8 13. c3 g6 14. b3 O-O 15. Bb2 Nd5 16. Qe1 Bg7 17. Rd1 Qe7 18. c4 Nf6 19. Bf3 Rd8 20. Qa5 Bf8 21. Rfe1 Qd6 22. Qc3 Bg7 {Kieninger,G-Weinitschke,E Bad Oeynhausen 1941 0-1 (61)}) 8... Nb6 9. Be3 Nxc4 10. Qxc4 O-O 11. O-O a6 12. a4 Nd5 13. Ne4 f6 14. Nf3 b6 15. Qe2 f5 16. Nc3 Nxc3 17. bxc3 Bd6 18. Bd2 Qf6 19. Rfe1 Re8 20. a5 Bb7 21. Rab1 b5 22. Ne5 Be4 23. Bf4 Qe7 24. f3 Bd5 25. Qf2 c5 26. Qg3 Qc7 27. Nd3 Bxf4 28. Nxf4 cxd4 29. cxd4 Qc3 30. Rbd1 Qc7 31. Re5 Qf7 32. Rde1 Rac8 33. Qf2 g5 34. Qg3 Ba2 35. Qxg5+ Kh8 36. R5e2 Rg8 37. Qh4 Qg7 38. Qf2 Bc4 39. Nxe6 Qh6 40. Re5 Rg6 41. d5 Bxd5 42. Rxd5 Rxe6 43. Qd4+ Rf6 44. Rxf5 1-0

[Event "45th FIDE Chess Olympiad Open"]
[Site "Budapest, Hungary"]
[Date "2024.09.13"]
[Round "3.201"]
[White "Al Hosani, Omran"]
[Black "Van Bemmelen, Ursus"]
[Result "1-0"]
[WhiteElo "2241"]
[BlackElo "2146"]
[PlyCount "63"]
[EventDate "2024.??.??"]
[WhiteTeam "United Arab Emirates"]
[BlackTeam "Netherlands Antilles"]
[WhiteTeamCountry "UAE"]
[BlackTeamCountry "AHO"]
[WhiteClock "0:31:54"]
[BlackClock "0:07:57"]

1. d4 d5 2. c4 e6 3. Nf3 Nf6 4. g3 Bb4+ 5. Bd2 Bd6 6. Bg2 O-O 7. O-O c6 8. Nc3 Nbd7 9. b3 Qe7 10. Qc2 dxc4 11. bxc4 e5 12. e3 h6 13. Nh4 Bb4 $146 ({RR} 13... Bc7 14. d5 cxd5 15. Nxd5 Nxd5 16. cxd5 Nc5 17. Nf5 Bxf5 18. Qxf5 Bd6 19. Rac1 Rfe8 20. e4 Na6 21. Rc4 Bc5 22. Rfc1 b6 23. Qg4 Qf6 24. Qe2 Red8 25. Bh3 Nc7 26. Kg2 Nb5 27. Be3 Nd6 28. Ra4 {Sadilek,P (2280)-Neumeier,K (2273) Austria 2020 0-1 (77)}) 14. Rab1 a5 15. c5 g6 16. a3 Bxc3 17. Bxc3 e4 18. f3 Nd5 19. Bd2 exf3 20. Rxf3 N7f6 21. Re1 Ne4 22. Nxg6 fxg6 23. Rxf8+ Qxf8 24. Bxe4 Qg7 25. Bxg6 Bh3 26. Bf5 Bxf5 27. Qxf5 Rf8 28. Qe6+ Kh7 29. Rf1 Rxf1+ 30. Kxf1 a4 31. Ke2 Nc7 32. Qf5+ 1-0

[Event "45th FIDE Chess Olympiad Open"]
[Site "Budapest, Hungary"]
[Date "2024.09.13"]
[Round "3.202"]
[White "Capella, Rurik"]
[Black "Ammar, Sedrani"]
[Result "1/2-1/2"]
[WhiteElo "1971"]
[BlackElo "2226"]
[PlyCount "60"]
[EventDate "2024.??.??"]
[WhiteTeam "Netherlands Antilles"]
[BlackTeam "United Arab Emirates"]
[WhiteTeamCountry "AHO"]
[BlackTeamCountry "UAE"]
[WhiteClock "0:09:15"]
[BlackClock "0:07:46"]

1. e4 c6 2. Nc3 d5 3. Qe2 dxe4 4. Nxe4 g6 5. d4 Bg7 6. c3 Nf6 7. Nxf6+ Bxf6 8. Bh6 Qa5 9. Nf3 Bg4 $146 ({RR} 9... Qh5 10. Bf4 Bg4 11. Qe3 Bxf3 12. Qxf3 Qxf3 13. gxf3 Nd7 14. Bc4 e6 15. h3 O-O 16. O-O Rfe8 17. Rfe1 b5 18. Bd3 Nb6 19. Be4 Nd5 20. Bd6 Be7 21. Be5 Red8 22. Rac1 f5 23. Bd3 Kf7 24. c4 {Pridorozhni,A (2580)-Naroditsky,D (2621) Chess.com INT 2021 ½-½ (38)}) 10. h3 Bxf3 11. Qxf3 Bxd4 12. Bc4 Bf6 13. O-O-O Qf5 14. Qxf5 gxf5 15. g4 fxg4 16. hxg4 e6 17. f4 Rg8 18. f5 e5 19. g5 b5 20. Bb3 Bxg5+ 21. Bxg5 Rxg5 22. Rxh7 Rxf5 23. Rh8+ Ke7 24. Rdd8 a5 25. Rxb8 Rf1+ 26. Kd2 Rxb8 27. Rxb8 f5 28. a4 Rf2+ 29. Kc1 Rf1+ 30. Kd2 Rf2+ 1/2-1/2

[Event "45th FIDE Chess Olympiad Open"]
[Site "Budapest, Hungary"]
[Date "2024.09.13"]
[Round "3.203"]
[White "Ahmed, Fareed"]
[Black "Van Opstal, Rurik"]
[Result "1/2-1/2"]
[WhiteElo "2061"]
[BlackElo "2006"]
[PlyCount "61"]
[EventDate "2024.??.??"]
[WhiteTeam "United Arab Emirates"]
[BlackTeam "Netherlands Antilles"]
[WhiteTeamCountry "UAE"]
[BlackTeamCountry "AHO"]
[WhiteClock "0:07:59"]
[BlackClock "0:21:16"]

1. e4 c5 2. Nf3 d6 3. d4 cxd4 4. Nxd4 Nf6 5. Nc3 g6 6. Be3 Bg7 7. f3 O-O 8. Qd2 Nc6 9. O-O-O d5 10. exd5 Nxd5 11. Nxc6 bxc6 12. Bd4 e5 13. Bc5 Re8 14. Ne4 Qc7 15. h4 f5 16. Nd6 Rd8 17. Nxc8 Raxc8 18. Bc4 ({RR} 18. h5 Nb6 19. Bxb6 Rxd2 20. Bc4+ Kf8 21. Bxc7 Rxd1+ 22. Rxd1 Bh6+ 23. Kb1 Rxc7 24. Rd6 Kg7 25. hxg6 hxg6 26. b4 Bf4 27. Re6 Bd2 28. a3 a5 29. bxa5 Bxa5 30. Rxe5 Bc3 31. Re3 Rb7+ 32. Bb3 Bd4 {Van Foreest,J (2701)-Abasov,N (2665) Prague 2021 ½-½ (70)}) 18... h5 19. Kb1 ({RR} 19. Qf2 Qf7 20. Bb3 a5 21. a4 Rb8 22. Kb1 Kh7 23. Ka1 Qf6 24. Rhe1 Nb4 25. Bb6 e4 26. c3 Nd3 27. Rxd3 Rxd3 28. Bc2 Rxc3 29. Kb1 Rxc2 30. Qxc2 Rxb6 31. Re2 Qd6 {0-1 (31) Krzywda,A (2208)-Sprzeczka,E (2101) Warsaw POL 2024}) 19... Kh7 20. Bb3 $146 ({RR} 20. Qf2 Rb8 21. Bb3 a5 22. a4 Nb4 23. g4 Nd3 24. Rxd3 Rxd3 25. cxd3 Rxb3 26. gxh5 gxh5 27. Qc2 Qf7 28. Rg1 e4 29. Ba3 exd3 30. Qxc6 Bd4 31. Rg2 Rxa3 32. bxa3 Qb3+ 33. Kc1 Be3+ 34. Rd2 Qxa3+ {Diaz Rosas,J (2337)-Elias Reyes,J (2466) Cancun MEX 2023 ½-½ (53)}) ({RR} 20. Qe1 Rb8 21. Bb3 a5 22. a4 Re8 23. g4 e4 24. gxh5 gxh5 25. Rg1 Bf6 26. Qe2 e3 27. Qd3 Qc8 28. Bd4 Qe6 29. Bxf6 Qxf6 30. Rg5 e2 31. Re1 Nf4 32. Qc4 Rb4 33. Qa6 Kh6 34. Qxa5 Nd3 {Heinemann,J (2321)-Lach,A (2152) Prague 2022 0-1 (41)}) ({RR} 20. Qf2 Rb8 21. Bb3 a5 22. a4 e4 23. fxe4 fxe4 24. g4 hxg4 25. h5 g5 26. h6 Be5 27. Qf5+ Kh8 28. Qxe4 Rxb3 29. cxb3 Rb8 30. Rhe1 Bf6 31. Ka2 Qb7 32. Qc4 Qh7 33. Re6 Rb4 34. Re8+ {1-0 (34) To,N (2348)-Stork,O (2327) chess.com INT 2023}) 20... e4 21. Bd4 e3 22. Qe2 f4 23. Bxg7 Kxg7 24. c3 Qe5 25. Rd4 Rb8 26. Rhd1 Qf6 27. g3 fxg3 28. Bxd5 cxd5 29. Qxe3 Re8 30. Qd3 Rf8 31. Rxd5 1/2-1/2

[Event "45th FIDE Chess Olympiad Open"]
[Site "Budapest, Hungary"]
[Date "2024.09.13"]
[Round "3.204"]
[White "Blijstra, Willem"]
[Black "Sultan, Ibrahim"]
[Result "0-1"]
[WhiteElo "2063"]
[BlackElo "2206"]
[PlyCount "30"]
[EventDate "2024.??.??"]
[WhiteTeam "Netherlands Antilles"]
[BlackTeam "United Arab Emirates"]
[WhiteTeamCountry "AHO"]
[BlackTeamCountry "UAE"]
[WhiteClock "0:49:41"]
[BlackClock "0:33:28"]

1. d4 d5 2. Nc3 Nf6 3. Bf4 c5 4. e3 a6 5. dxc5 Nc6 6. Nf3 ({RR} 6. a3 e5 7. Bg5 d4 8. exd4 exd4 9. Ne4 Qd5 10. Nxf6+ gxf6 11. Bxf6 Rg8 12. Qf3 Qxc5 13. O-O-O Bh6+ 14. Kb1 Bg4 15. Qe4+ Kf8 16. Qxh7 Bf4 17. Qd3 Rc8 18. g3 Be5 19. f3 Be6 20. Bh4 Bg7 {Nakamura,H (2775)-Fressinet,L (2717) Dubai 2014 ½-½}) 6... e6 7. Na4 Nd7 $146 ({RR} 7... Ne4 8. Nb6 Ra7 9. b4 a5 10. Bb5 Nc3 11. Bxc6+ bxc6 12. Qd4 axb4 13. Qxb4 Ne4 14. Nxc8 Qxc8 15. Qd4 f6 16. Rb1 Bxc5 17. Qa1 O-O 18. O-O e5 {0-1 (18) Grochtmann,S (1985)-Kueppers,T (2245) Germany 2019}) ({RR} 7... Bxc5 8. Nxc5 Qa5+ 9. c3 Qxc5 10. Be2 Qe7 11. h3 e5 12. Bh2 O-O 13. O-O Rd8 14. Qa4 b5 15. Qh4 h6 16. Rad1 Bf5 17. a4 Bc2 18. axb5 Bxd1 19. Rxd1 axb5 20. Bxb5 Qb7 21. Bxc6 Qxc6 22. Bxe5 {Oparin,G (2676)-Cherniaiev,T (2306) chess.com INT 2024 1-0 (48)}) ({RR} 7... Ne4 8. Nb6 Ra7 9. Bd3 Nxc5 10. Nxc8 Qxc8 11. O-O Be7 12. c4 dxc4 13. Bxc4 b5 14. Be2 Rd7 15. Qe1 O-O 16. Rc1 Qb7 17. Ne5 Nxe5 18. Bxe5 Qd5 19. Bd4 Ne4 20. Bf3 Qf5 21. Qa5 e5 22. Bb6 {Osmonbekov,T (2137)-Stankovic,I (2255) Chess.com INT 2022 1-0 (48)}) ({RR} 7... Bxc5 8. Nxc5 Qa5+ 9. c3 Qxc5 10. Be2 O-O 11. O-O Re8 12. Ne5 Nxe5 13. Bxe5 Nd7 14. Bg3 Nb6 15. Qc2 Bd7 16. Rfd1 Bb5 17. Bf3 e5 18. a4 Bc6 19. a5 e4 20. Be2 Nd7 21. Rd4 Nf8 22. b4 {Paltrinieri,N (2344)-Labruyere,R (2148) Hoogeveen NED 2023 1-0 (51)}) 8. Nd4 Nxc5 9. c3 f6 10. Nxc5 Bxc5 11. Nb3 Be7 12. Bd3 f5 13. c4 e5 14. Bg3 Be6 15. O-O dxc4 0-1